| 000 | 00379nam a2200145Ia 4500 | ||
|---|---|---|---|
| 008 | 230917s9999||||xx |||||||||||||| ||und|| | ||
| 040 |
_e125043 _aMAIN |
||
| 041 | _aEnglish | ||
| 082 | _a658.8 C914F | ||
| 100 | _aCundiff, Edward W | ||
| 245 | 0 | _aFundamentals of modern marketing | |
| 260 |
_aNew Delhi _bPrentice-Hall of India _c1974 |
||
| 300 | _axii, 419p. p. | ||
| 942 | _cBK | ||
| 999 |
_c231928 _d231928 |
||